Rafaële Germain: Ružová podprsenka, čierne sako

Bibliographic Details
Main Author: Kukučková, Ľuba (Author)
Format: Article
Language:Slovak
ISSN:1210-1982
Subjects:
Online Access:http://www.litcentrum.sk/52910

MARC

LEADER 00000nab a2200000 ar4500
001 vtls010193255
003 SK-MaSNL
005 20260303092058.0
008 190315c2010 xo ||||||||||||00 b|slo
015 |a SNBRB2010/11  |2 snkbucl 
038 |a SNKBUCL 
040 |a SNKBUCL  |b slo  |c SNKBUCL  |e AACR2 
041 0 |a slo 
044 |a xo  |c SK 
080 |a 82.09:821.133.1 (71)-31  |2 2001 
080 |a 821.133.1 (71)-31.09  |2 2001 
100 1 |a Kukučková, Ľuba  |4 aut  |9 327838 
245 1 0 |a Rafaële Germain: Ružová podprsenka, čierne sako  |c Ľuba Kukučková 
600 1 7 |a Germain, Rafaële,  |d 1976-  |t Ružová podprsenka, čierne sako  |2 snkbucl  |9 1101082 
773 0 |t Knižná revue  |g Roč. XX, č. 21 (2010), s. 8  |x 1210-1982 
852 |a SNK  |b KIS3GCP 
856 4 1 |u http://www.litcentrum.sk/52910 
958 |a LX 
958 |a CA 
999 |c 1810685  |d 1812615